[Event "Let's Play Chess!"]
[Site "http://www.queenalice.com/game.php?id=873073"]
[Date "2010.12.17"]
[Round "-"]
[White "robsonsouza"]
[Black "swordfish"]
[Result "1-0"]
[WhiteElo "1511"]
[BlackElo "1435"]

1. e4 e5 2. Nf3 f5 3. Nxe5 fxe4 4. Nc3 d5 5. Qh5+ g6 6. Nxg6 Nf6 7. Qe5+ Be7 8.
Nxh8 Nc6 9. Bb5 Ng4 10. Qh5+ Kd7 11. Qxg4+ Ke8 12. Qg8+ Bf8 13. Qf7# 1-0

[Event "Let's Play Chess!"]
[Site "http://www.queenalice.com/game.php?id=873142"]
[Date "2010.12.17"]
[Round "-"]
[White "swordfish"]
[Black "Panzer85"]
[Result "1-0"]
[WhiteElo "1440"]
[BlackElo "1728"]

1. e4 e5 2. f4 exf4 3. Nf3 d6 4. d4 g5 5. Nc3 f6 6. g3 fxg3 7. hxg3 Bg4 8. Be2
Nc6 9. a3 Qd7 10. d5 Ne5 11. Nxe5 Bxe2 12. Qxe2 dxe5 13. Qh5+ Kd8 14. Be3 Kc8
15. O-O-O b6 16. Rd2 Kb7 17. Rhd1 Rd8 18. Qe2 h5 19. Nb5 Nh6 20. d6 g4 21. dxc7
1-0

[Event "Let's Play Chess!"]
[Site "http://www.queenalice.com/game.php?id=873143"]
[Date "2010.12.17"]
[Round "-"]
[White "Panzer85"]
[Black "swordfish"]
[Result "1-0"]
[WhiteElo "1751"]
[BlackElo "1453"]

1. e4 f5 2. Nc3 e5 3. Nf3 Nc6 4. Bc4 Nf6 5. Ng5 Qe7 6. Bf7+ Kd8 7. Bb3 Ke8 8.
Nf7 Rg8 9. Qh5 g6 10. Qg5 h6 11. Nxh6 Bxh6 12. Qxh6 fxe4 13. Bxg8 Nxg8 14. Qxg6+
Qf7 15. Qxe4 d5 16. Nxd5 Bf5 17. Qc4 Be6 18. Nxc7+ Kd8 19. Nxe6+ Ke7 20. d3 Nf6
21. Bg5 Rc8 22. O-O Qxe6 23. Qb5 Qd7 24. Rfe1 a6 25. Qc5+ Kf7 26. Qc4+ Kg6 27.
h4 Nd4 28. Qb4 Nxc2 29. Qd2 Nxa1 30. Rxa1 Nd5 31. Bh6 Rg8 32. Re1 Qe6 33. d4 e4
34. g3 Kh7 35. Kg2 Qf5 36. Rh1 Qh5 37. Bf4 Qg4 38. Kf1 Rf8 39. Bd6 e3 40. Qd3+
Rf5 41. Rh2 Qf3 42. Rg2 exf2 43. Qxf3 Rxf3 44. Rxf2 Rd3 45. Rf7+ Kg8 46. Rxb7
Rxd4 47. Rb8+ Kf7 48. Rb7+ Ke6 49. Bc5 Ne3+ 50. Kf2 Nd1+ 51. Ke2 Rd5 52. Rb6+
Ke5 53. Rxa6 Nxb2 54. Ra5 Nc4 55. Rb5 Ke4 56. a4 Na3 57. Bxa3 1-0

[Event "Let's Play Chess!"]
[Site "http://www.queenalice.com/game.php?id=878799"]
[Date "2010.12.30"]
[Round "-"]
[White "estella"]
[Black "swordfish"]
[Result "0-1"]
[WhiteElo "992"]
[BlackElo "1457"]

1. e4 f5 2. exf5 Nf6 3. Qe2 b6 4. d4 Ba6 5. c4 d5 6. cxd5 Bxe2 7. Bxe2 Qxd5 8.
Be3 Qxg2 9. Bf3 Qxh1 10. Bxh1 c6 11. Nc3 Ng4 12. h3 Nxe3 13. fxe3 Nd7 14. Bxc6
O-O-O 15. Bxd7+ Rxd7 16. a4 g6 17. fxg6 hxg6 18. Nf3 Rxh3 19. Kd2 Rxf3 20. Kd3
e5 21. Ra3 Bh6 22. Nb5 Rxe3+ 23. Kc4 Rxa3 24. bxa3 exd4 25. Nxa7+ Rxa7 26. Kxd4
Rxa4+ 27. Ke5 Rxa3 28. Kf6 g5 29. Ke7 b5 30. Ke8 Re3+ 31. Kf7 g4 32. Kg6 g3 33.
Kxh6 g2 34. Kh5 g1=R 35. Kh4 Re8 0-1

[Event "Let's Play Chess!"]
[Site "http://www.queenalice.com/game.php?id=882374"]
[Date "2011.1.7"]
[Round "-"]
[White "swordfish"]
[Black "elche"]
[Result "0-1"]
[WhiteElo "1459"]
[BlackElo "1760"]

1. e4 c5 2. b4 cxb4 3. a3 Qa5 4. f4 bxa3 5. Bxa3 Nf6 6. Nc3 Qd8 7. Nf3 e6 8. Nb5
Nxe4 9. Bd3 Bxa3 10. Rxa3 Nf6 11. c4 a6 12. O-O Nc6 13. Qe2 O-O 14. Ne5 d6 15.
Nxc6 bxc6 16. Nc3 d5 17. c5 Nd7 18. f5 exf5 19. Bxf5 Nxc5 20. d4 Bxf5 21. dxc5
Re8 22. Qf3 Be4 23. Qxf7+ Kh8 24. Nxe4 dxe4 25. Rg3 Qd4+ 26. Kh1 Rg8 27. Rf4
Qd1+ 28. Rf1 Qd5 29. Qf4 Qxc5 30. Qxe4 Qb5 31. Rgf3 c5 32. h3 c4 33. Qf4 h6 34.
g4 Raf8 35. Qc7 Rxf3 36. Rxf3 Qd5 37. Qf4 c3 38. Kg1 c2 39. Rc3 Qd1+ 40. Qf1
Qd4+ 41. Kh2 Qxc3 42. Qc1 Rd8 0-1

[Event "Challenge"]
[Site "http://www.queenalice.com/game.php?id=887818"]
[Date "2011.1.18"]
[Round "-"]
[White "viiwasso"]
[Black "swordfish"]
[Result "0-1"]
[WhiteElo "1033"]
[BlackElo "1451"]

1. e4 e5 2. Nf3 Nc6 3. d3 f5 4. exf5 Nf6 5. Nc3 d5 6. h4 Bxf5 7. Ng5 Qe7 8. Nb5
O-O-O 9. Be3 Qb4+ 10. Nc3 Rd7 11. a3 Qxb2 12. Na4 Qb5 13. Nc3 Qa5 14. Qd2 d4 15.
Nb1 Bb4 16. Be2 Bxd2+ 17. Bxd2 Qa4 18. c3 dxc3 19. Nxc3 Qd4 20. Rb1 Bxd3 21. Rc1
Bxe2 22. Nxe2 Qxd2+ 23. Kf1 Qd1+ 24. Rxd1 Rxd1# 0-1

[Event "It will be harder than I thought"]
[Site "http://www.queenalice.com/game.php?id=890740"]
[Date "2011.1.25"]
[Round "-"]
[White "Amethystium"]
[Black "swordfish"]
[Result "1-0"]
[WhiteElo "1819"]
[BlackElo "1455"]

1. d4 d5 2. c4 Nf6 3. cxd5 Nxd5 4. e4 Nf6 5. Nc3 c5 6. Nf3 cxd4 7. Nxd4 e5 8.
Bb5+ Bd7 9. Bxd7+ Qxd7 10. Ndb5 Qxd1+ 11. Kxd1 Kd8 12. Bg5 Be7 13. Kc2 Nxe4 14.
Bxe7+ Kxe7 15. Nc7 Nxf2 16. Rhf1 1-0

[Event "Peacefully like flowers!"]
[Site "http://www.queenalice.com/game.php?id=890745"]
[Date "2011.1.25"]
[Round "-"]
[White "Amethystium"]
[Black "swordfish"]
[Result "1-0"]
[WhiteElo "1821"]
[BlackElo "1453"]

1. g3 e5 2. e4 Nf6 3. Bg2 d5 4. exd5 Nxd5 5. Nc3 Nxc3 6. bxc3 Nc6 7. Ne2 f5 8.
O-O Bc5 9. d4 exd4 10. cxd4 Bxd4 11. Bxc6+ Bd7 12. Bxd7+ Qxd7 13. Qxd4 Qe6 14.
Nf4 Qe7 15. Bd2 Rd8 16. Qa4+ Rd7 17. Rfe1 1-0

[Event "Let's Play Chess!"]
[Site "http://www.queenalice.com/game.php?id=894096"]
[Date "2011.2.1"]
[Round "-"]
[White "rotwein"]
[Black "swordfish"]
[Result "1-0"]
[WhiteElo "2230"]
[BlackElo "1449"]

1. d4 d5 2. c4 Nf6 3. cxd5 Nxd5 4. e4 Nf6 5. Nc3 c5 6. d5 Bd7 7. e5 Ng4 8. e6
fxe6 9. Qxg4 exd5 10. Qh5+ g6 11. Qxd5 e6 12. Qxb7 Nc6 13. Bg5 Be7 14. Bxe7 Nxe7
15. Bb5 Bxb5 16. Qxb5+ Kf8 17. Qxc5 Rc8 18. Qe5 Rg8 19. Qf6+ Ke8 20. Nge2 Rf8
21. Qxe6 Rc6 22. Qh3 Qa5 23. O-O Rcf6 24. Ne4 Rf5 25. Rad1 Qe5 26. Nd6+ Kd7 27.
Nc4+ Qd5 28. Rxd5+ 1-0

[Event "Let's Play Chess!"]
[Site "http://www.queenalice.com/game.php?id=894168"]
[Date "2011.2.1"]
[Round "-"]
[White "swordfish"]
[Black "rotwein"]
[Result "0-1"]
[WhiteElo "1447"]
[BlackElo "2232"]

1. e4 c5 2. Nf3 Nc6 3. Nc3 e6 4. d4 cxd4 5. Nxd4 Nf6 6. Bg5 Bb4 7. Nxc6 bxc6 8.
Qe2 h6 9. Bxf6 Qxf6 10. O-O-O Bxc3 11. bxc3 Qxc3 12. Rd3 Qa1+ 13. Kd2 Ba6 14.
Qe1 Qxe1+ 15. Kxe1 Bxd3 16. Bxd3 Ke7 17. Ke2 Rhb8 18. f4 Rb2 19. g4 Rab8 20. Rf1
Rxa2 21. f5 Rbb2 22. e5 Rxc2+ 23. Bxc2 Rxc2+ 24. Kf3 Rxh2 25. Kg3 Ra2 26. f6+
gxf6 27. Rxf6 d5 28. Kh4 Re2 29. Kh5 Rh2# 0-1

[Event "Challenge"]
[Site "http://www.queenalice.com/game.php?id=902259"]
[Date "2011.2.18"]
[Round "-"]
[White "viiwasso"]
[Black "swordfish"]
[Result "0-1"]
[WhiteElo "1037"]
[BlackElo "1465"]

1. e4 f5 2. d3 Nf6 3. c4 c5 4. Nc3 Nc6 5. Nf3 e6 6. Be3 Qa5 7. exf5 d5 8. a4 d4
9. Nxd4 cxd4 10. Bxd4 Nxd4 11. Qd2 Nb3 12. Qd1 Nxa1 13. Qxa1 exf5 14. Be2 Bb4
15. Qc1 Bd7 16. Qe3+ Be7 17. Qg5 g6 18. d4 O-O-O 19. O-O Bxa4 20. Bd1 Bxd1 21.
Rxd1 Rhe8 22. g3 Ne4 23. Nb5 Bxg5 24. d5 Nd2 25. Rc1 Nf3+ 26. Kg2 Re1 27. Rc2
Ng1 28. Na3 Qc7 29. f4 Bxf4 30. Nb5 Qb6 31. gxf4 Re2+ 32. Rxe2 Nxe2 33. b3 Qg1+
34. Kf3 Qf1+ 35. Ke3 Re8+ 36. Kd3 Qf3+ 37. Kd2 Qe3+ 38. Kc2 Qc1+ 39. Kd3 Re3#
0-1

[Event "Let's Play Chess!"]
[Site "http://www.queenalice.com/game.php?id=906732"]
[Date "2011.2.28"]
[Round "-"]
[White "plot24"]
[Black "swordfish"]
[Result "1-0"]
[WhiteElo "1830"]
[BlackElo "1442"]

1. d4 d5 2. e3 c5 3. Nf3 Nc6 4. Bd2 Bg4 5. dxc5 e5 6. Be2 Bxc5 7. c3 e4 8. Nd4
Nf6 9. Bxg4 O-O 10. Be2 Re8 11. Bb5 Rc8 12. b4 Bxd4 13. cxd4 Qd6 14. a3 a6 15.
Be2 b5 16. O-O h5 17. Bxh5 g6 18. Be2 Kg7 19. Nc3 Rh8 20. h3 g5 21. f4 g4 22.
Bxg4 Rcg8 23. a4 Nxb4 24. axb5 axb5 25. Nxb5 1-0

[Event "Let's Play Chess!"]
[Site "http://www.queenalice.com/game.php?id=906733"]
[Date "2011.2.28"]
[Round "-"]
[White "swordfish"]
[Black "plot24"]
[Result "0-1"]
[WhiteElo "1445"]
[BlackElo "1767"]

1. e4 e5 2. f4 d5 3. Nf3 exf4 4. d3 dxe4 5. dxe4 Qxd1+ 6. Kxd1 Be6 7. Bxf4 Bd6
8. e5 Bc5 9. Nc3 Nc6 10. Bb5 Ne7 11. a3 O-O 12. Re1 Rad8+ 13. Ke2 Bg4 14. Bg5
Nxe5 15. b4 f6 16. h3 Bxf3+ 17. gxf3 fxg5 18. Rf1 Bd4 19. Kd2 Nd5 0-1

[Event "OS INCLIVEIS"]
[Site "http://www.queenalice.com/game.php?id=926240"]
[Date "2011.4.15"]
[Round "-"]
[White "adelio"]
[Black "swordfish"]
[Result "1-0"]
[WhiteElo "1802"]
[BlackElo "1440"]

1. g3 d5 2. b3 Nf6 3. h3 c5 4. d3 e5 5. e3 Nc6 6. a3 Be7 7. Ra2 Be6 8. c3 O-O 9.
g4 h6 10. f3 Qb6 11. h4 h5 12. g5 Nd7 13. Rg2 g6 14. Nh3 a5 15. f4 d4 16. c4 a4
17. e4 axb3 18. f5 gxf5 19. g6 f6 20. Qxh5 Bf7 21. Qh7# 1-0

[Event "Challenge_v2"]
[Site "http://www.queenalice.com/game.php?id=972010"]
[Date "2011.8.13"]
[Round "-"]
[White "swordfish"]
[Black "viiwasso"]
[Result "1-0"]
[WhiteElo "1467"]
[BlackElo "1035"]

1. e4 d5 2. exd5 Qxd5 3. Nc3 Qe5+ 4. Be2 Bd7 5. d3 Nc6 6. f4 Qa5 7. Bd2 O-O-O 8.
Nf3 Nf6 9. O-O Qc5+ 10. Kh1 b5 11. a3 Bf5 12. Ng5 Bg6 13. b4 Qb6 14. Bg4+ e6 15.
f5 exf5 16. Bxf5+ Bxf5 17. Nxf7 Bd6 18. Nxh8 Rxh8 19. Rxf5 Ne5 20. Bf4 Neg4 21.
Qe2 Re8 22. Qf3 Qf2 23. Bxd6 c6 24. Qxc6+ Kd8 25. Qc7# 1-0

[Event "Let's Play Chess!"]
[Site "http://www.queenalice.com/game.php?id=980404"]
[Date "2011.9.3"]
[Round "-"]
[White "ettorekasparov"]
[Black "swordfish"]
[Result "0-1"]
[WhiteElo "1360"]
[BlackElo "1469"]

1. f4 f5 2. Nc3 Nf6 3. b4 d6 4. e3 b5 5. Nxb5 Nc6 6. c3 Bd7 7. Be2 a6 8. Nd4 e5
9. Ndf3 h6 10. a4 e4 11. Nh4 Ne7 12. Bc4 g5 13. Nxf5 Bxf5 14. h3 d5 15. Bb3 c6
16. b5 axb5 17. g4 Bh7 18. h4 gxf4 19. exf4 c5 20. c4 dxc4 21. Bc2 b4 22. Bb2
Bg7 23. g5 Nfd5 24. Bxg7 Rg8 25. Be5 b3 26. Bxb3 cxb3 27. Qh5+ Bg6 28. Qxh6 Nb4
29. h5 Nc2+ 30. Ke2 Nxa1 31. hxg6 Rxg6 32. Qh7 Rxa4 33. f5 Rxg5 34. Bf6 Rg2+ 35.
Ke3 Qd3+ 36. Kf4 e3+ 37. Ke5 Qd4+ 38. Ke6 Qd5# 0-1